000 00848nam a2200289 i 4500
003 EG-GICUC
005 20260414150717.0
008 260414s1703 enk||||fr|||| 00| 0 eng d
040 _aEG-GiCUC
_beng
_cEG-GiCUC
_dEG-GiCUC
_erda
041 _aeng
082 0 4 _221
_a341.1
_bPU.L
092 0 4 _221
099 _aLaw1 11 341.1 PU.L 1703
100 1 _aPufendorf
_eAuthor.
245 _aOf The Law Of Nature and Nations .
_nVol.8 /
_cPufendorf .
264 _aOxford :
_bL. Lichfield ,
_c1703 .
300 _a262 pages ,
_c24 cm
336 _2rda content
_atext
337 _2rda media
_aComputer
338 _2rda carrier
_aOnline Resource
546 _aText in English
650 _aInternational Law
_2qrmak
651 1 _2qrmak
856 4 0 _uhttps://fll.law.cu.edu.eg/fulltext/bks/B11-07851.pdf
905 _a60
942 _2ddc
_cBK
_e21
_n0
999 _c70952
_d70952